ბათუმის შოთა რუსთაველის სახელმწიფო უნივერსიტეტის ბიბლიოთეკა

Благоустроиство приусадебных участков (ბიბ.ჩანაწერი № 46039)

000 -LEADER
fixed length control field 00845nam a2200205Ia 4500
001 - CONTROL NUMBER
control field 12869
003 - CONTROL NUMBER IDENTIFIER
control field GE_BSU
008 - FIXED-LENGTH DATA ELEMENTS--GENERAL INFORMATION
fixed length control field 181216s||||||||xx |||||||||||||| ||und||
040 ## - CATALOGING SOURCE
Transcribing agency GE_BSU
080 ## - UNIVERSAL DECIMAL CLASSIFICATION NUMBER
Universal Decimal Classification number 631.2
100 ## - MAIN ENTRY--PERSONAL NAME
Personal name Шматов,В.П.
245 ## - TITLE STATEMENT
Title Благоустроиство приусадебных участков
245 ## - TITLE STATEMENT
Remainder of title Книга расказывает о планировке и проектировании участка,организации его осушения, оборудовании полива, устроистве различных надворных построек
260 ## - PUBLICATION, DISTRIBUTION, ETC.
Place of publication, distribution, etc. Москва
260 ## - PUBLICATION, DISTRIBUTION, ETC.
Name of publisher, distributor, etc. Россельхозиздат
260 ## - PUBLICATION, DISTRIBUTION, ETC.
Date of publication, distribution, etc. 1984
300 ## - PHYSICAL DESCRIPTION
Extent 158стр.илл.17см.
653 ## - INDEX TERM--UNCONTROLLED
Uncontrolled term Благоустроиство приусадебных участков
942 ## - ADDED ENTRY ELEMENTS (KOHA)
Koha item type წიგნი
ეგზემპლარები
Withdrawn status Lost status Damaged status Not for loan Date acquired Barcode Date last seen Price effective from Koha item type
        2018-12-17 20922 2018-12-17 2018-12-17 წიგნი